Nagoya - Choix Multiples - Statistiques

Statistiques générales
  • Ce quiz a été pris 25 fois
  • Le résultat moyen est 5 sur 10
Statistiques - réponses
Question Réponse % Correct
Quel sport est principalement pratiqué dans le Nagoya Dome? Baseball
81%
Sur quelle île se situe Nagoya? Honshu
81%
Lequel des écussons suivants est celui de l'équipe de football des Nagoya Grampus?
76%
Quelle entreprise automobile, basée dans la préfecture d'Aichi, exporte sa marchandise principalement via le port de Nagoya? Toyota
71%
Quel instrument achetez-vous lorsque vous demandez un(e) Ibanez, dont la création a eu lieu en 1929 à Nagoya? Une Guitare
62%
Quelle image représente un bâtiment de Nagoya?
38%
Quelle figure importante de l'histoire japonaise est née à Nagoya? Oda Nobunaga
33%
De quel animal extrait-on la chair, le foie, le cœur et le gésier pour préparer le Toriwasa, sashimi à base de viande originaire de la ville? Poulet
33%
Quelle baie borde la ville de Nagoya? Baie d'Ise
24%
Quelle entreprise produisant des appareils électroniques est basée dans la ville? Brother
5%
Aucun quiz correspondant
Distribution des résultats
% des personnes avec chaque résultat
Percentile par nombre de réponses
Votre historique - résultats
Vous n’avez pas pris ce quiz